| 000 | 00525nam a22001937a 4500 | ||
|---|---|---|---|
| 003 | MPLRDC | ||
| 005 | 20220104142406.0 | ||
| 008 | 210129b ||||| |||| 00| 0 eng d | ||
| 020 | _a7-5007-1645-1 | ||
| 082 | _a859.6 ZGSC v.1 c.2 | ||
| 100 | _a佳音 改编 | ||
| 245 |
_a望女石和思母树 _c陈宗耀 绘画 |
||
| 250 | _a一版一刷 | ||
| 260 |
_a _b中国少年儿童出版社 _c1992 |
||
| 300 | _b精 | ||
| 490 | _a中国山川传说故事 | ||
| 650 | _a传说故事--中国 | ||
| 942 |
_cBK _o859.6 ZGSC v.1 c.2 |
||
| 999 |
_c30516 _d30506 |
||